Acteurs du film Pulp Fiction par images - Statistiques

Statistiques générales
  • Ce quiz a été pris 95 fois
  • Le résultat moyen est 5 sur 7
Statistiques - réponses
Par images Hint Réponse % Correct
Butch Coolidge Bruce Willis
96%
Vincent Vega John Travolta
94%
Jules Winnfield Samuel L. Jackson
92%
Réalisateur Quentin Tarantino
91%
Mia Wallace Uma Thurman
82%
Winston Wolfe Harvey Keitel
41%
Marsellus Wallace Ving Rhames
14%
Aucun quiz correspondant
Distribution des résultats
% des personnes avec chaque résultat
Percentile par nombre de réponses
Votre historique - résultats
Vous n’avez pas pris ce quiz